| 000 | 00713nam a22002177a 4500 | ||
|---|---|---|---|
| 005 | 20170124105918.0 | ||
| 010 | _aB-163254 | ||
| 020 |
_c650.00 _a9780195662153 |
||
| 035 | _aB-163254 | ||
| 037 | _bCen Lib/Ret | ||
| 040 |
_aDPL _bHN |
||
| 082 |
_a338.542 _bBUS |
||
| 245 |
_aBusiness cycles and economic growth : _cedited by Pemi Dua _bAn analysis using leading indicators |
||
| 260 |
_aNew Delhi _bOxford university press _c2004 |
||
| 270 |
_aYMCA library building, Jai singh road _bNew Delhi _e110001 |
||
| 300 |
_axxv,360p. _c21cm (Hb) |
||
| 650 |
_aSaving and investment _972094 |
||
| 650 |
_aEconomic development _91481 |
||
| 700 |
_aDua, Pami _93545 |
||
| 942 |
_2ddc _cEN _h338.542 _mBUS |
||
| 999 |
_c122993 _d122993 |
||